Indiánsky chodník dejinami

Bibliographic Details
Main Author: Dvořák, Pavel, 1937-2018 (Author)
Format: Article
Language:Slovak
PhysicalDescription:Obr. 4.
Subjects:

MARC

LEADER 00000nab a2200000 a 4500
001 vtls000406624
003 SK-MaSNL
005 20260303191830.0
008 220422c1991 xo 0 slo
015 |a SNBRB19rr/mm-uuuuu 
035 |a CL0406748 
040 |a SNKBUCL  |b slo  |c SNKBUCL  |e AACR2 
041 0 |a slo 
044 |a xo  |c SK 
080 |a 572.08-051(73)  |2 1981 
080 |a 980/989  |2 1981 
080 |a 929 Hrdlička, Aleš  |2 1981 
100 1 |a Dvořák, Pavel,  |d 1937-2018  |4 aut  |9 200389 
245 1 0 |a Indiánsky chodník dejinami  |c Pavel Dvořák ; Aleš Hrdlička 
300 |b Obr. 4. 
600 1 7 |a Hrdlička, Aleš,  |d 1869-1943  |2 snkbucl  |9 132853 
655 7 |a články z novín a časopisov  |2 snkbucl  |9 267496 
773 0 |t Národná obroda  |g Roč. 2, č. 29 (4. 2. 1991), s. 8-9 
850 |a Slovenská národná knižnica v Martine  |a MTA001 
852 |a SNK  |b KIS3GCP 
958 |a RK 
958 |a ME 
992 |a RBX 
999 |c 2143151  |d 2145081